00801nam a22002057a 4500999001900000005001700019010001500036020002700051035001400078037001300092082001900105100002000124245014800144260004600292270004400338300002800382500001900410942003300429952013300462 c195774d19577420230420145519.0 aENG-136732 c1620.00a9788181715166 aEN-120264 bDBAD/PUB a591.7789095436 aRaghunathan, C.00aStatus of coral and its associated Fauna in Landfall, Peacock, Table Delgarno and Trilby islands sanctuaries, North Andaman/bBy C. Rafhunathan aKolkatabZoological Survey Of Indiac2018 bKolkataaM- Block, New Alipore e700006 a190p.;c24cm(pbk)bill. aIncludes index 2ddccENmRAGh591.7789095436 001040708NFICaBL4bBL4d2023-04-20eDBAD/PUBg1620.00l0o591.7789095436 RAGpEN-120264r2023-04-20 00:00:00t1v1620.00yEN